Normal view
MARC view
- Azhar, Nikhar
Entry Personal Name
001 - CONTROL NUMBER
- control field: 125069
003 - CONTROL NUMBER IDENTIFIER
- control field: NUST
005 - DATE AND TIME OF LATEST TRANSACTION
- control field: 20240809100036.0
008 - FIXED-LENGTH DATA ELEMENTS
- fixed length control field: 240809|| aca||aabn | a|a d
040 ## - CATALOGING SOURCE
- Original cataloging agency: NUST
- Transcribing agency: NUST
100 ## - HEADING--PERSONAL NAME
- Personal name: Azhar, Nikhar
670 ## - SOURCE DATA FOUND
- Source citation: Work cat.: (NUST): Azhar, Nikhar, Determining the Impact of Events on Pakistan Stock Prices and their Prediction using Urdu News Articles/
